| 000 | 01616nam a2200373Ia 4500 | ||
|---|---|---|---|
| 001 | ebr10428817 | ||
| 003 | CaPaEBR | ||
| 006 | m u | ||
| 007 | cr cn||||||||| | ||
| 008 | 090814s2010 enkab sb 000 0 eng d | ||
| 020 | _z9781848851634 (hbk.) | ||
| 020 | _z1848851634 (hbk.) | ||
| 040 |
_aCaPaEBR _cCaPaEBR |
||
| 035 | _a(OCoLC)680017888 | ||
| 050 | 1 | 4 |
_aDE80 _b.T73 2010eb |
| 082 | 0 | 4 |
_a909.0982205 _222 |
| 245 | 0 | 0 |
_aTrade and cultural exchange in the early modern Mediterranean _h[electronic resource] : _bBraudel's maritime legacy / _cedited by Maria Fusaro, Colin Heywood, Mohamed-Salah Omri. |
| 260 |
_aLondon ; _aNew York : _bTauris Academic Studies, _c2010. |
||
| 300 |
_axiv, 319 p. : _bill., maps. |
||
| 490 | 1 |
_aInternational library of historical studies ; _v67 |
|
| 504 | _aIncludes bibliographical references. | ||
| 533 |
_aElectronic reproduction. _bPalo Alto, Calif. : _cebrary, _d2011. _nAvailable via World Wide Web. _nAccess may be limited to ebrary affiliated libraries. |
||
| 650 | 0 |
_aShipping _zMediterranean Region _xHistory. |
|
| 650 | 0 |
_aCulture diffusion _zMediterranean Region _xHistory. |
|
| 651 | 0 |
_aMediterranean Region _xHistory _y1517-1789. |
|
| 651 | 0 |
_aMediterranean Region _xCommerce _xHistory. |
|
| 655 | 7 |
_aElectronic books. _2local |
|
| 700 | 1 | _aFusaro, Maria. | |
| 700 | 1 | _aHeywood, Colin. | |
| 700 | 1 | _aOmri, Mohamed Salah. | |
| 710 | 2 | _aebrary, Inc. | |
| 830 | 0 |
_aInternational library of historical studies ; _v67. |
|
| 856 | 4 | 0 |
_uhttp://site.ebrary.com/lib/rucke/Doc?id=10428817 _zAn electronic book accessible through the World Wide Web; click to view |
| 999 |
_c145199 _d145199 |
||